[Event "FIDE World Rapid-ch Open 2018"]
[White "Tang, Andrew"]
[Black "Carlsen, Magnus"]
[Site "St. Petersburg"]
[Round "5.1"]
[Annotator "TA"]
[Result "0-1"]
[Date "2018.12.26"]
[WhiteElo "2487"]
[BlackElo "2835"]
[PlyCount "82"]

1. d4 {} d5 2. Bf4 Nf6 3. e3 e6 4. Nf3 Bd6 5. Nbd2 b6 6. Bd3 0-0 7. Ne5 c5 8. Qf3 Qc7 9. c3 Ba6 10. Bxa6 Nxa6 11. 0-0 {D03: 1 d4 d5 2 Nf3 Nf6 3 Bg5, including Torre Attack with early ...d5} Qb7 $146 ({Predecessor:} 11... cxd4 12. exd4 Nc5 13. Rae1 Nce4 14. Nb3 Nd7 15. Qh3 Bxe5 16. dxe5 Qc4 17. Qg4 g6 18. Re3 Rae8 {1/2-1/2 (85) Gelashvili,T (2557)
-Papp,G (2596) Philadelphia 2016} )12. Ng4 Be7 13. Nxf6+ {The position is
equal.} Bxf6 14. Nc4 Be7 15. Ne5 f6 16. Nc4 { [#] Pin} Qd7 17. Nd2 e5 18. Bg3 cxd4 19. exd4 e4 20. Qe2 Nc7 21. f3 f5 {Threatening ...f4.} 22. Be5 Bd6 23. Bxd6 Qxd6 24. fxe4 dxe4 25. Nc4 Qe6 26. Ne5 Nd5 27. a4 a5 28. Rae1 Kh8 29. Qf2 Rf6 30. Qg3 Raf8 31. Qh4 Qe8 32. Ra1 (32. Re2 $11 )f4 $15 33. Ng4 {
[#]} (33. Qf2 $15 )Rf5 $1 $17 34. Rae1 Rh5 ({Reject} 34... Qxa4 $6 35. Rxe4 Ne3 36. Re1 $11 )(34... Kg8 $17 35. c4 Nb4 )35. Qf2 $15 Rg5 36. Ne5 Rxe5 37. dxe5 Qxe5 38. Rd1 {Qd4 is the strong threat.} f3 $36 {
 Black has the initiative.} 39. Qg3 (39. Qe1 $11 {remains equal.} )Nf4 $17 { ( -> ...Ne2+). Black has strong compensation.} 40. Rde1 $2 {} (40. Kh1 $17 {lives longer.} )Qc5+ $19 41. Qf2 {
And now Qxc5 would win.} fxg2 {Accuracy: White = 38%, Black = 59%.} 0-1

[Event "FIDE World Rapid-ch Open 2018"]
[White "Andreikin, Dmitry"]
[Black "Nepomniachtchi, Ian"]
[Site "St. Petersburg"]
[Round "5.2"]
[Annotator "TA"]
[Result "1/2-1/2"]
[Date "2018.12.26"]
[WhiteElo "2719"]
[BlackElo "2763"]
[PlyCount "64"]

1. d4 {} Nf6 2. c4 g6 3. Nc3 d5 4. cxd5 Nxd5 5. e4 Nxc3 6. bxc3 Bg7 7. Nf3 c5 8. Be2 Bg4 9. Rb1 0-0 10. 0-0 cxd4 11. cxd4 Bxf3 12. Bxf3 Bxd4 13. Rxb7 Nc6 14. Qa4 {LiveBook: 16 Games} Qc8 {D85:
Exchange Grünfeld: Unusual White 7th moves and lines with 7 Nf3} 15. Rb3 {
[#] Strongly threatening e5!} Qe6 16. e5 Rac8 $1 17. Bxc6 Qxc6 18. Qxd4 {
aiming for Bh6.} Qxc1 $1 19. e6 Qc5 20. exf7+ Rxf7 {[#]} 21. Qd1 $146 ({
Predecessor:} 21. Qd2 Qc2 22. Qe3 Qxa2 {1/2-1/2 (45) Andreikin,D (2710)
-Nepomniachtchi,I (2768) Satka 2018} )Rc6 22. Re3 Qc4 23. Qd8+ Rf8 24. Qd2 Rd6 25. Qb2 Rb6 26. Qd2 Rd6 27. Qb2 Rb6 28. Rb3 (28. Qa1 {looks sharper.} Re6 29. Rc1 Qd5 30. Rd1 Qf5 31. Rxe6 Qxe6 32. Qb2 )Rxb3 {The position is
equal.} 29. axb3 Rb8 30. Qa3 Rxb3 31. Qxa7 Kf7 32. Qa1 Rc3 {Accuracy: White =
56%, Black = 54%.} 1/2-1/2

[Event "FIDE World Rapid-ch Open 2018"]
[White "Mamedyarov, Shakhriyar"]
[Black "Korobov, Anton"]
[Site "St. Petersburg"]
[Round "5.3"]
[Annotator "TA"]
[Result "1/2-1/2"]
[Date "2018.12.26"]
[WhiteElo "2817"]
[BlackElo "2698"]
[PlyCount "35"]

1. d4 {} Nf6 2. c4 e6 3. Nf3 b6 4. a3 Bb7 5. Bf4 Be7 6. Nc3 Ne4 7. Nxe4 Bxe4 8. e3 d6 {LiveBook: 15 Games. E12: Queen's Indian: Unusual White 4th
moves, 4 a3, 4 Nc3 Bb7 5 a3 and 4 Nc3 Bb7} 9. Nd2 $146 ({Predecessor:} 9. Bd3 Bxd3 10. Qxd3 Nd7 11. 0-0-0 c5 12. Kb1 Rc8 13. Rc1 cxd4 14. exd4 Nf6 15. Bg5 0-0 16. d5 {1/2-1/2 (34) Mamedyarov,S (2820)-Ivanchuk,V (2710) Batumi 2018} )Bb7 10. Bd3 ({Better is} 10. Be2 $11 )Nd7 {Black is slightly better.
} (10... e5 $5 11. Bg3 exd4 12. exd4 Bxg2 $15 )11. Qc2 h5 {[#] Hoping for ...
g5.} 12. h4 c5 (12... Bxh4 $15 13. Be4 Bxe4 14. Qxe4 Be7 )13. Be4 $11 Qc8 14. 0-0-0 ({White should try} 14. d5 $14 )cxd4 $15 15. exd4 d5 16. cxd5 Nf6 17. Bd3 Nxd5 18. Be5 {Accuracy: White = 10%, Black = 57%.} 1/2-1/2

[Event "FIDE World Rapid-ch Open 2018"]
[White "Dubov, Daniil"]
[Black "Yu, Yangyi"]
[Site "St. Petersburg"]
[Round "5.4"]
[Annotator "TA"]
[Result "1/2-1/2"]
[Date "2018.12.26"]
[WhiteElo "2703"]
[BlackElo "2764"]
[PlyCount "112"]

1. c4 {} Nf6 2. Nc3 c5 3. g3 e6 4. Nf3 b6 5. Bg2 Bb7 6. 0-0 Be7 7. d3 d5 {A30: Symmetrical English: Double Fianchetto
and Hedgehog} 8. Ne5 0-0 9. d4 Nbd7 {LiveBook: 12 Games} 10. cxd5 Nxd5 (10... exd5 11. Nf3 Re8 12. Bf4 Nf8 13. Rc1 Ne6 14. Be5 Ne4 15. dxc5 Nxc3 16. Bxc3 bxc5 {0-1 (51) Artemiev,V (2706)-Esipenko,A (2609) Sochi 2018} )11. Nxd5 exd5 12. Ng4 $146 ({Predecessor:} 12. Nxd7 Qxd7 13. dxc5 Bxc5 14. b3 Rfe8 15. Bb2 {
1-0 (112) Kostic,B-Alimonda,B Merano 1926} )Nf6 13. Ne3 Qd7 14. b3 Rfd8 15. Bb2 Ng4 ({Black should play} 15... Ne4 $15 )16. Nxg4 $11 Qxg4 17. dxc5 bxc5 18. Rc1 a5 19. Ba3 Rac8 20. e3 Qg6 21. Qc2 Qe6 22. Rfd1 Bf8 23. Qe2 Qb6 24. Rd2 d4 (24... Ba6 $11 25. Qd1 d4 26. exd4 cxd4 27. Rxc8 Bxc8 28. Bxf8 Kxf8 )25. Bxb7 $14 Qxb7 26. Qd1 {} a4 (26... Rd5 $14 )27. exd4 $16 axb3 28. axb3 {} ({Weaker is} 28. dxc5 Rxd2 29. Qxd2 Qa6 $17 )({Reject} 28. Qxb3 $6 Qa8 $14 )Rxd4 (28... Qd7 $16 )29. Rxd4 $18 cxd4 30. Rxc8 Qxc8 31. Bxf8 Kxf8 32. Qxd4 $16 { Endgame KQ-KQ} Qc1+ 33. Kg2 {} Qc6+ 34. Kg1 Qc1+ 35. Kg2 {} Qc6+ 36. Kf1 Qc1+ 37. Ke2 $1 {} Qc2+ 38. Qd2 Qe4+ 39. Qe3 Qc2+ 40. Kf1 g6 41. Kg2 Qc6+ 42. Qf3 Qb5 43. h4 h5 $2 (43... Qb6 44. Qd5 Ke7 )44. Qc3 $18 Qd5+ 45. Kg1 Qd1+ 46. Kh2 $1 Qd5 47. b4 Ke7 (47... Qb7 $142 48. Qc5+ Ke8 )48. Qc7+ $2 (48. Qc5+ Qxc5 49. bxc5 )Ke6 49. Qb6+ Kd7 50. b5 (50. Qa7+ $142 Kd6 51. Qb6+ Qc6 52. Qxc6+ Kxc6 53. Kg2 )Qc4 $2 (50... Kc8 51. Qa6+ Kb8 )51. Qa7+ $2 (51. Qb7+ Qc7 52. Qf3 )Ke6 $2 (51... Kc8 {might work better.} 52. b6 Qc6 53. Qxf7 Qxb6 54. Qc4+ Kb7 )52. b6 $2 (52. Qb7 $18 {and White stays clearly on top. And now b6
would win.} Qc5 53. Kg1 )Qd4 $16 53. Qa2+ Kf6 54. b7 Qb6 {[#]} 55. Qa1+ $1 Kf5 $2 { [#]} (55... Ke6 $16 )56. Qe1 $2 (56. Qh1 $1 {mates} Qxf2+ 57. Kh3 Qb6 58. Qd5+ (58. Qf1+ Ke6 $16 )Kf6 59. Qe4 Qb5 60. Qf4+ Ke7 61. b8=Q Qxb8 62. Qxb8 )Qxb7 {Accuracy: White = 47%, Black = 32%.} 1/2-1/2

[Event "FIDE World Rapid-ch Open 2018"]
[White "Kamsky, Gata"]
[Black "Oparin, Grigoriy"]
[Site "St. Petersburg"]
[Round "5.5"]
[Annotator "RC"]
[Result "1/2-1/2"]
[Date "2018.12.26"]
[WhiteElo "2666"]
[BlackElo "2613"]
[PlyCount "73"]
[TimeControl "900+10"]

1. e4 {[%emt 0:0:0]} e5 {[%emt 0:0:0]} 2. Nf3 {[%emt 0:0:0]} Nc6 {[%emt 0:0:0]
} 3. Bb5 {[%emt 0:0:0]} a6 {[%emt 0:0:0]} 4. Ba4 {[%emt 0:0:0]} Nf6 {[%emt 0:0:0]} 5. 0-0 {[%emt 0:0:3]} Be7 {[%emt 0:0:0]} 6. Re1 {[%emt 0:0:3]
} b5 {[%emt 0:0:2]} 7. Bb3 {[%emt 0:0:2]} d6 {[%emt 0:0:2]} 8. c3 {[%emt 0:0:2]} 0-0 {[%emt 0:0:3]} 9. d4 {[%emt 0:0:2]} Bg4 {[%emt 0:0:8]
} 10. d5 {[%emt 0:0:1]} Na5 {[%emt 0:0:5]} 11. Bc2 {[%emt 0:0:0]} Qc8 {[%emt 0:0:7]} 12. h3 {[%emt 0:0:3]} Bd7 {[%emt 0:0:5]} 13. Bg5 {[%emt 0:0:10]} c6 {[%emt 0:0:32]} 14. dxc6 {[%emt 0:0:3]} Qxc6 {[%emt 0:0:7]
} 15. Nbd2 {[%emt 0:0:5]} h6 {[%emt 0:0:17]} 16. Bh4 {[%emt 0:0:0]} Nc4 {[%emt 0:1:0]} 17. Rb1 {[%emt 0:1:17]} Be6 {[%emt 0:0:28]} 18. Nf1 {[%emt 0:1:58]} Rfe8 {[%emt 0:0:28]} 19. Bd3 {[%emt 0:1:12]} Rad8 {[%emt 0:0:52]
} 20. b3 {[%emt 0:0:46]} Nb6 {[%emt 0:0:6]} 21. Rc1 {[%emt 0:0:0]} Qc7 {[%emt 0:3:45]} 22. Bxf6 {[%emt 0:1:17]} Bxf6 {[%emt 0:0:2]} 23. Ne3 {[%emt 0:0:4]} d5 {[%emt 0:0:28]} 24. Qe2 {[%emt 0:0:4]} dxe4 {[%emt 0:1:22]
} 25. Bxe4 {[%emt 0:0:3]} Be7 {[%emt 0:0:1]} 26. Qc2 {[%emt 0:1:24]
} Bc5 {[%emt 0:1:45]} 27. Ng4 {[%emt 0:0:17]} Nd5 {[%emt 0:0:0]} 28. Ngxe5 {[%emt 0:3:52]} Nf4 {[%emt 0:0:2]} 29. Bf5 {[%emt 0:1:25]} Bd5 {[%emt 0:0:18]} 30. c4 {[%emt 0:0:18]} bxc4 {[%emt 0:0:7]} 31. bxc4 {[%emt 0:0:13]
} Bxf3 {[%emt 0:4:20]} 32. Nxf3 {[%emt 0:0:3]} g6 {[%emt 0:0:0]} 33. Be4 {[%emt 0:0:11]} Re7 {[%emt 0:0:25]} 34. Bd5 {[%emt 0:1:49]} Nxd5 {[%emt 0:0:7]} 35. cxd5 {[%emt 0:0:3]} Rxd5 {[%emt 0:0:2]} 36. Rxe7 {[%emt 0:0:17]} Qxe7 {[%emt 0:0:4]} 37. Rd1 {[%emt 0:1:43]} 1/2-1/2

[Event "FIDE World Rapid-ch Open 2018"]
[White "Bazeev, German"]
[Black "Svidler, Peter"]
[Site "St. Petersburg"]
[Round "5.6"]
[Annotator "TA"]
[Result "1/2-1/2"]
[Date "2018.12.26"]
[WhiteElo "2416"]
[BlackElo "2737"]
[PlyCount "83"]

1. d4 {} Nf6 2. Nf3 g6 3. c4 Bg7 4. Nc3 d5 5. cxd5 Nxd5 6. Qa4+ Nc6 {D90:
Grünfeld: 4 Nf3 Bg7 sidelines} 7. e4 (7. e3 0-0 8. Bb5 Nb6 9. Qd1 e5 10. Bxc6 exd4 11. exd4 bxc6 12. 0-0 Bg4 13. h3 Bxf3 14. Qxf3 Qxd4 {1/2-1/2 (26) Wang,H 
(2711)-Andersen,M (2601) Abu Dhabi 2018} )Nb6 8. Qc2 {LiveBook: 3 Games} Nxd4 {The position is equal.} 9. Nxd4 Bxd4 10. Bh6 e5 $146 ({Predecessor:} 10... Bd7 11. Rd1 e5 12. Nb5 Bxb5 13. Bxb5+ c6 14. Bg7 {1/2-1/2 (43) Bittner,A
(2334)-Schakel,C (2351) ICCF email 2014} )11. Nb5 $1 {} c6 12. Nxd4 Qxd4 13. a3 Be6 14. Rd1 Qa4 15. Qxa4 Nxa4 16. Bg7 Rg8 17. Bxe5 f5 18. exf5 gxf5 19. f3 Kf7 20. Kf2 Rgd8 21. Be2 Bb3 22. Rxd8 Rxd8 23. Ke3 Rd5 24. f4 Rd7 25. g4 Nb6 26. gxf5 Nd5+ 27. Kf2 Bc2 28. Bh5+ Ke7 29. Re1 {Threatens to win with Bg7+.
} Bxf5 {[#]} 30. Bb8+ (30. Bd4+ $1 $16 Kd8 31. Bxa7 )Kf8 $1 $14 31. Re8+ Kg7 32. Be5+ Kh6 (32... Nf6 $1 $14 )33. Bf3 $16 Rf7 34. Bxd5 cxd5 {
Endgame KRB-KRB} 35. Ke3 Kh5 36. Rg8 h6 37. Rg3 Be6 38. Kd4 Rf8 39. Rb3 b6 40. Rc3 Kg4 41. Rc6 Kf5 42. Bg7 {Precision: White = 72%, Black = 42%.} 1/2-1/2

[Event "FIDE World Rapid-ch Open 2018"]
[White "Artemiev, Vladislav"]
[Black "Firouzja, Alireza"]
[Site "St. Petersburg"]
[Round "5.7"]
[Annotator "RC"]
[Result "0-1"]
[Date "2018.12.26"]
[WhiteElo "2709"]
[BlackElo "2607"]
[PlyCount "128"]
[TimeControl "900+10"]

1. e4 {[%emt 0:0:0]} e5 {[%emt 0:0:0]} 2. Nf3 {[%emt 0:0:0]} Nf6 {[%emt 0:0:0]
} 3. Nc3 {[%emt 0:0:2]} Bb4 {[%emt 0:2:2]} 4. Nxe5 {[%emt 0:0:0]} 0-0 {[%emt 0:0:18]} 5. Be2 {[%emt 0:0:19]} Re8 {[%emt 0:0:14]} 6. Nd3 {[%emt 0:0:2]} Bxc3 {[%emt 0:0:2]} 7. dxc3 {[%emt 0:0:2]} Nxe4 {[%emt 0:0:2]
} 8. Nf4 {[%emt 0:0:4]} d6 {[%emt 0:0:41]} 9. 0-0 {[%emt 0:0:0]} Nd7 {[%emt 0:0:6]} 10. f3 {[%emt 0:0:38]} Nef6 {[%emt 0:0:12]} 11. c4 {[%emt 0:0:3]} Qe7 {[%emt 0:1:33]} 12. Rf2 {[%emt 0:0:9]} Nc5 {[%emt 0:0:0]} 13. b3 {[%emt 0:1:12]} Qe5 {[%emt 0:1:19]} 14. Rb1 {[%emt 0:0:2]} Bd7 {[%emt 0:0:1]} 15. Bf1 {[%emt 0:0:53]} Bc6 {[%emt 0:0:36]} 16. Qd2 {[%emt 0:0:49]
} Nfe4 {[%emt 0:2:4]} 17. fxe4 {[%emt 0:0:2]} Nxe4 {[%emt 0:0:0]} 18. Qe3 {[%emt 0:0:1]} Nc3 {[%emt 0:0:26]} 19. Qxe5 {[%emt 0:2:0]} dxe5 {[%emt 0:0:2]} 20. Ra1 {[%emt 0:0:2]} exf4 {[%emt 0:0:4]} 21. Bxf4 {[%emt 0:0:9]
} Re7 {[%emt 0:0:10]} 22. Bd2 {[%emt 0:1:8]} Ne4 {[%emt 0:0:0]} 23. Bb4 {[%emt 0:0:5]} Re6 {[%emt 0:0:59]} 24. Rf4 {[%emt 0:0:21]} a5 {[%emt 0:1:8]} 25. Be1 {[%emt 0:0:3]} b6 {[%emt 0:0:1]} 26. Rd1 {[%emt 0:0:0]} Rae8 {[%emt 0:0:25]} 27. h4 {[%emt 0:4:57]} h6 {[%emt 0:0:22]} 28. a3 {[%emt 0:0:37]} Nf6 {[%emt 0:1:2]} 29. Bf2 {[%emt 0:1:13]} Be4 {[%emt 0:0:0]} 30. Bd3 {[%emt 0:1:58]} g5 {[%emt 0:0:9]} 31. hxg5 {[%emt 0:0:1]} hxg5 {[%emt 0:0:1]} 32. Bxe4 {[%emt 0:0:2]} gxf4 {[%emt 0:0:28]} 33. Bf3 {[%emt 0:0:1]
} Ne4 {[%emt 0:0:2]} 34. Rd7 {[%emt 0:0:10]} Nxf2 {[%emt 0:0:0]} 35. Kxf2 {[%emt 0:0:2]} R8e7 {[%emt 0:0:23]} 36. Rd4 {[%emt 0:0:44]} Rd6 {[%emt 0:0:3]} 37. Bd5 {[%emt 0:0:1]} Kg7 {[%emt 0:0:21]} 38. Rxf4 {[%emt 0:0:37]
} Rf6 {[%emt 0:0:24]} 39. g3 {[%emt 0:0:22]} Kg6 {[%emt 0:0:0]} 40. b4 {[%emt 0:1:20]} Kg5 {[%emt 0:0:38]} 41. Kf3 {[%emt 0:0:5]} Re1 {[%emt 0:0:13]} 42. c5 {[%emt 0:0:52]} Rf1+ {[%emt 0:1:2]} 43. Ke3 {[%emt 0:0:3]
} R1xf4 {[%emt 0:0:3]} 44. gxf4+ {[%emt 0:0:2]} Rxf4 {[%emt 0:0:1]
} 45. cxb6 {[%emt 0:0:17]} cxb6 {[%emt 0:0:1]} 46. c4 {[%emt 0:0:1]
} axb4 {[%emt 0:0:38]} 47. axb4 {[%emt 0:0:1]} f5 {[%emt 0:0:0]} 48. Kd3 {[%emt 0:0:52]} Kf6 {[%emt 0:0:5]} 49. Ba8 {[%emt 0:0:20]} Ke5 {[%emt 0:0:3]} 50. Kc3 {[%emt 0:0:1]} Kd6 {[%emt 0:0:23]} 51. Bb7 {[%emt 0:0:18]
} Rh4 {[%emt 0:0:4]} 52. Kd3 {[%emt 0:0:5]} Ke5 {[%emt 0:0:0]} 53. Bf3 {[%emt 0:0:12]} Rh3 {[%emt 0:1:14]} 54. Ke3 {[%emt 0:0:10]} Rh2 {[%emt 0:0:4]} 55. c5 {[%emt 0:0:4]} bxc5 {[%emt 0:0:5]} 56. bxc5 {[%emt 0:0:1]
} Rc2 {[%emt 0:0:4]} 57. c6 {[%emt 0:0:1]} Rc3+ {[%emt 0:0:0]} 58. Ke2 {[%emt 0:0:1]} Kf4 {[%emt 0:0:4]} 59. Bh1 {[%emt 0:0:42]} Rc1 {[%emt 0:0:51]} 60. Bd5 {[%emt 0:0:2]} Ke5 {[%emt 0:0:9]} 61. Bf3 {[%emt 0:0:3]
} Kd4 {[%emt 0:0:12]} 62. Kd2 {[%emt 0:0:30]} Rc3 {[%emt 0:0:0]} 63. Bh1 {[%emt 0:0:13]} Rh3 {[%emt 0:0:9]} 64. Bg2 {[%emt 0:0:9]} Rh2 {[%emt 0:0:5]} 0-1

[Event "FIDE World Rapid-ch Open 2018"]
[White "Bocharov, Dmitry"]
[Black "Wang, Hao"]
[Site "St. Petersburg"]
[Round "5.8"]
[Annotator "RC"]
[Result "0-1"]
[Date "2018.12.26"]
[WhiteElo "2533"]
[BlackElo "2730"]
[PlyCount "98"]
[TimeControl "900+10"]

1. Nf3 {[%emt 0:0:0]} d5 {[%emt 0:0:0]} 2. e3 {[%emt 0:0:0]} Nf6 {[%emt 0:0:0]
} 3. c4 {[%emt 0:0:0]} e6 {[%emt 0:0:0]} 4. b3 {[%emt 0:0:0]} b6 {[%emt 0:0:0]} 5. Bb2 {[%emt 0:0:3]} Bb7 {[%emt 0:0:1]} 6. Nc3 {[%emt 0:0:7]
} Nbd7 {[%emt 0:0:5]} 7. cxd5 {[%emt 0:1:48]} exd5 {[%emt 0:0:0]} 8. d4 {[%emt 0:0:6]} Bd6 {[%emt 0:0:8]} 9. g3 {[%emt 0:0:2]} 0-0 {[%emt 0:0:23]} 10. Bg2 {[%emt 0:0:1]} Ba6 {[%emt 0:0:6]} 11. Ne2 {[%emt 0:0:38]
} Bb4+ {[%emt 0:0:14]} 12. Kf1 {[%emt 0:0:2]} Re8 {[%emt 0:0:0]} 13. Kg1 {[%emt 0:0:7]} Bd6 {[%emt 0:0:8]} 14. Nf4 {[%emt 0:0:5]} Bb7 {[%emt 0:0:40]} 15. Rc1 {[%emt 0:0:43]} a5 {[%emt 0:0:6]} 16. Nd3 {[%emt 0:0:0]} a4 {[%emt 0:0:24]} 17. Nfe5 {[%emt 0:0:29]} axb3 {[%emt 0:0:30]} 18. axb3 {[%emt 0:0:3]} Qe7 {[%emt 0:0:27]} 19. Bh3 {[%emt 0:1:58]} Ra2 {[%emt 0:2:53]
} 20. Nc6 {[%emt 0:1:24]} Qe4 {[%emt 0:0:26]} 21. Rc2 {[%emt 0:0:0]} h5 {[%emt 0:2:1]} 22. Bg2 {[%emt 0:1:55]} Qf5 {[%emt 0:0:30]} 23. Bf3 {[%emt 0:1:49]} Ng4 {[%emt 0:1:29]} 24. Ndb4 {[%emt 0:1:26]} Rxb2 {[%emt 0:0:23]
} 25. Rxb2 {[%emt 0:0:6]} Ndf6 {[%emt 0:0:2]} 26. h3 {[%emt 0:1:13]
} Nxe3 {[%emt 0:1:19]} 27. fxe3 {[%emt 0:0:2]} Rxe3 {[%emt 0:0:0]} 28. Kg2 {[%emt 0:1:4]} Qg5 {[%emt 0:0:50]} 29. Ne5 {[%emt 0:0:4]} Bxb4 {[%emt 0:0:54]} 30. h4 {[%emt 0:0:42]} Qf5 {[%emt 0:0:9]} 31. Re2 {[%emt 0:0:9]
} Rc3 {[%emt 0:0:32]} 32. Qa1 {[%emt 0:1:13]} Rxb3 {[%emt 0:0:0]} 33. Qa4 {[%emt 0:0:3]} Rxf3 {[%emt 0:1:0]} 34. Qxb4 {[%emt 0:0:9]} Ba6 {[%emt 0:0:25]} 35. Nxf3 {[%emt 0:0:38]} Bxe2 {[%emt 0:0:3]} 36. Qc3 {[%emt 0:0:12]
} Qe4 {[%emt 0:0:18]} 37. Ra1 {[%emt 0:0:31]} Ng4 {[%emt 0:0:0]} 38. Ra3 {[%emt 0:0:1]} g6 {[%emt 0:0:49]} 39. Kg1 {[%emt 0:0:19]} Bxf3 {[%emt 0:0:19]} 40. Qxf3 {[%emt 0:0:2]} Qxd4+ {[%emt 0:0:1]} 41. Kg2 {[%emt 0:0:1]
} Qb2+ {[%emt 0:0:4]} 42. Kg1 {[%emt 0:0:1]} Qc1+ {[%emt 0:0:0]} 43. Kg2 {[%emt 0:0:1]} Qd2+ {[%emt 0:0:3]} 44. Kg1 {[%emt 0:0:1]} Qd4+ {[%emt 0:0:16]} 45. Kg2 {[%emt 0:0:8]} Ne5 {[%emt 0:0:19]} 46. Ra8+ {[%emt 0:0:14]
} Kg7 {[%emt 0:0:1]} 47. Qa3 {[%emt 0:0:1]} Qe4+ {[%emt 0:0:0]} 48. Kg1 {[%emt 0:0:1]} Qe1+ {[%emt 0:0:2]} 49. Kg2 {[%emt 0:0:1]} Qe2+ {[%emt 0:0:1]} 0-1

[Event "FIDE World Rapid-ch Open 2018"]
[White "Karjakin, Sergey"]
[Black "Salem, A.R. Saleh"]
[Site "St. Petersburg"]
[Round "5.9"]
[Annotator "TA"]
[Result "1/2-1/2"]
[Date "2018.12.26"]
[WhiteElo "2753"]
[BlackElo "2660"]
[PlyCount "64"]

1. e4 {} c5 2. Nf3 d6 3. d4 cxd4 4. Nxd4 Nf6 5. Nc3 a6 6. a4 g6 7. Be2 Bg7 8. 0-0 0-0 9. Be3 Nc6 10. Qd2 {LiveBook:
66 Games} d5 {B90: Sicilian Najdorf: Unusual White 6th moves, 6 Be3 Ng4 and 6
Be3 e5} (10... Rb8 11. h3 Bd7 12. Rfd1 Qc7 13. Nb3 {1/2-1/2 (13) Grischuk,A 
(2783)-Vachier Lagrave,M (2804) Tbilisi 2017} )11. exd5 {The position is equal.
} Nxd5 12. Nxd5 {[#] aiming for Nf3.} Nxd4 13. Bc4 Be6 14. Bxd4 Bxd5 15. Bxg7 {
[#]} Bxc4 $146 16. Qc3 Bxf1 17. Bxf8 Qxf8 18. Rxf1 $11 { Endgame
KQR-KQR} Qd8 19. g3 Rc8 20. Qb3 Qc7 21. c3 Rd8 22. Rd1 Rxd1+ 23. Qxd1 {KQ-KQ} a5 24. Qd5 b6 25. Kf1 e6 26. Qd4 Qc6 27. Ke2 h5 28. h4 Kf8 29. Kd3 Ke7 30. Qe4 Qc5 31. Qd4 {[#] And now Qxc5+ would win.} Qc6 32. Qe4 Qc5 {Precision: White =
61%, Black = 81%.} 1/2-1/2

[Event "FIDE World Rapid-ch Open 2018"]
[White "Harikrishna, Pentala"]
[Black "Fridman, Daniel"]
[Site "St. Petersburg"]
[Round "5.10"]
[Annotator "RC"]
[Result "1/2-1/2"]
[Date "2018.12.26"]
[WhiteElo "2725"]
[BlackElo "2633"]
[PlyCount "78"]
[TimeControl "900+10"]

1. c4 {[%emt 0:0:0]} e6 {[%emt 0:0:0]} 2. Nf3 {[%emt 0:0:0]} d5 {[%emt 0:0:0]} 3. g3 {[%emt 0:0:1]} Nf6 {[%emt 0:0:0]} 4. Bg2 {[%emt 0:0:1]} d4 {[%emt 0:0:0]} 5. 0-0 {[%emt 0:0:5]} c5 {[%emt 0:0:0]} 6. e3 {[%emt 0:0:0]} Nc6 {[%emt 0:0:0]} 7. exd4 {[%emt 0:0:2]} cxd4 {[%emt 0:0:0]} 8. d3 {[%emt 0:0:4]} Bd6 {[%emt 0:0:1]} 9. Na3 {[%emt 0:0:30]} 0-0 {[%emt 0:0:0]} 10. Re1 {[%emt 0:0:10]} e5 {[%emt 0:0:7]} 11. c5 {[%emt 0:0:4]} Bc7 {[%emt 0:0:4]
} 12. Nc4 {[%emt 0:0:33]} Nd7 {[%emt 0:2:18]} 13. Bd2 {[%emt 0:0:0]} Nxc5 {[%emt 0:0:14]} 14. Ncxe5 {[%emt 0:0:11]} Nxe5 {[%emt 0:0:3]} 15. Nxe5 {[%emt 0:0:2]} Bxe5 {[%emt 0:1:18]} 16. Rxe5 {[%emt 0:0:3]} Nxd3 {[%emt 0:0:2]} 17. Bg5 {[%emt 0:3:17]} Qc7 {[%emt 0:3:45]} 18. Rd5 {[%emt 0:2:50]
} Nb4 {[%emt 0:2:9]} 19. Rxd4 {[%emt 0:0:5]} Nc6 {[%emt 0:0:0]} 20. Rd6 {[%emt 0:1:39]} Be6 {[%emt 0:0:37]} 21. b3 {[%emt 0:0:19]} h6 {[%emt 0:0:37]
} 22. Bf4 {[%emt 0:0:13]} Rfd8 {[%emt 0:0:46]} 23. Rxd8+ {[%emt 0:2:47]
} Qxd8 {[%emt 0:0:2]} 24. Be3 {[%emt 0:0:20]} Qa5 {[%emt 0:0:0]} 25. Qe1 {[%emt 0:0:26]} Qxe1+ {[%emt 0:0:43]} 26. Rxe1 {[%emt 0:0:1]} Rd8 {[%emt 0:0:1]} 27. Bxc6 {[%emt 0:2:11]} bxc6 {[%emt 0:0:3]} 28. f3 {[%emt 0:0:7]
} a5 {[%emt 0:0:32]} 29. Rc1 {[%emt 0:0:45]} a4 {[%emt 0:0:14]
} 30. bxa4 {[%emt 0:0:12]} Ra8 {[%emt 0:0:2]} 31. a3 {[%emt 0:0:32]} Rxa4 {[%emt 0:0:2]
} 32. Bc5 {[%emt 0:0:16]} f6 {[%emt 0:1:34]} 33. Kf2 {[%emt 0:0:0]} Kf7 {[%emt 0:0:2]} 34. Bb4 {[%emt 0:0:15]} Bd5 {[%emt 0:0:2]} 35. Re1 {[%emt 0:0:12]} Be6 {[%emt 0:0:5]} 36. f4 {[%emt 0:0:18]} Ra8 {[%emt 0:0:0]} 37. Rc1 {[%emt 0:0:24]} Bd5 {[%emt 0:0:3]} 38. Re1 {[%emt 0:0:12]} Be6 {[%emt 0:0:2]} 39. Rc1 {[%emt 0:1:5]} Bd5 1/2-1/2

[Event "FIDE World Rapid-ch Open 2018"]
[White "Giri, Anish"]
[Black "Timofeev, Artyom"]
[Site "St. Petersburg"]
[Round "5.11"]
[Annotator "TA"]
[Result "1/2-1/2"]
[Date "2018.12.26"]
[WhiteElo "2783"]
[BlackElo "2589"]
[PlyCount "104"]

1. e4 {} e6 2. d4 d5 3. Nc3 Nc6 4. e5 f6 5. Nf3 Qe7 (5... fxe5 6. dxe5 g6 7. h4 Bg7 8. Bg5 Qd7 9. Bb5 h6 10. Bf4 a6 11. Be2 b6 12. a4 Bb7 13. Na2 {1-0 (34) Savchenko,
B (2613)-Stupak,K (2561) Budapest 2017} )6. Bf4 {C10: French with 3 Nc3:
Unusual Black 3rd moves and 3...dxe4} Qf7 7. h4 $146 ({Predecessor:} 7. Qd2 g5 8. Bg3 g4 9. Ng1 fxe5 10. dxe5 Nge7 11. Bd3 Bd7 12. h3 Bg7 13. f4 {0-1 (37)
Heika,M (2275)-Kliche,A (2211) Bayern 2013} )fxe5 8. Bxe5 {White is
slightly better.} Bd6 9. Bb5 Bd7 (9... h6 $11 )10. Ng5 $16 Qe7 $1 11. Bxc6 Bxc6 {[#]} 12. Qh5+ $1 Kd7 {[#]} 13. Nf7 $1 $36 { White is in control.} Nf6 14. Bxf6 $1 Qxf6 15. Nxh8 Rxh8 16. 0-0-0 b5 (16... Qxf2 $142 17. Kb1 Kc8 )17. Kb1 b4 18. Ne2 a5 19. Ng1 Bb5 20. Nf3 Be2 21. Rd2 (21. Ne5+ $142 Bxe5 22. Qxe2 Bxd4 23. Rd3 )Bxf3 22. Qxf3 Qxf3 23. gxf3 { Endgame
KRR-KRB} Rf8 24. Rd3 Rf5 25. h5 Rg5 26. Rdd1 Rf5 27. Rdg1 Rf7 28. Kc1 c5 29. dxc5 Bxc5 30. Rg2 Kd6 31. Rh4 (31. c3 $16 )Rxf3 $14 32. Rxg7 h6 33. Rh2 Bxf2 34. Kd1 Rf5 (34... Bd4 $11 {remains equal.} 35. Rg6 Bxb2 )35. c3 Be3 36. Ke2 (36. Rg6 $16 )Bc1 ({Black should try} 36... Re5 $1 $14 37. Kd1 bxc3 )37. Kd3 bxc3 38. bxc3 e5 39. Ra7 e4+ 40. Kd4 {aiming for c4.} Bg5 {With the
idea ...Bf6+.} 41. Ra6+ Kc7 42. c4 ({Better is} 42. Rg2 $16 )Bf6+ $11 {
The position is equal.} 43. Rxf6 Rxf6 {KR-KR} 44. Ke5 Rf8 45. cxd5 e3 46. Re2 Re8+ 47. Kd4 Kd6 48. Rxe3 Rxe3 49. Kxe3 Kxd5 50. Kf4 Ke6 51. Ke4 Kf6 52. Kf4 Ke6 {Accuracy: White = 50%, Black = 54%.} 1/2-1/2